000 00248nam a22001097a 4500
082 _a001
_bVIJ/E
100 _aVIJAYAN, V S
245 _aEGALITARIANISM TO INFORMATION TECHNOLOGY
260 _aTHRISSUR
_bPEN BOOKS
650 _aGK
_zKERALA
942 _cBK
999 _c6689
_d6689